000 00881nas a2200277 4500
001 BR2016002561
003 BR-BrBNA
005 20231205130431.0
007 ta
008 230509b bl.|||p| |||| 00| 00por d
040 _aBR-BrBNA
_bpor
_cBiblioteca Nacional de Agricultura
041 _a(En)
072 _aL73
100 1 _aSadeghi, M.
100 1 _aBanakar, A.
100 1 _aKhazaee, M.
100 1 _aSoleimani, M.R.
245 1 _aAn intelligent procedure for the detection and classification of chickens infected by Clostridium perfringens based on their vocalization
650 _aGALINHA
650 _aBOTULISMO
650 _aBACTERIA
650 _aINFECÇÃO
773 0 _tBrazilian Journal of Poultry Science (Brazil)
_xISSN 1516-635X
_g(Oct-Dec 2015), v. 17(4) p. 537-544
_wBR2016002561
909 _a202311
_bLúcia
_c55
_dLúcia Elande
942 _2AGRIS
_n0
_cANA
999 _c249422
_d249422